Curriculum Deutsch als Fremdsprache für die Sekundarstuffe I Methodische Empfehlungen, Kapitel 4

Bibliographic Details
Format: Book
Language:German
PhysicalDescription:147, [1] s. Ilustr. Sch. Tab. 30 cm
Published: Bratislava Ústav informácií a prognóz školstva 1996
ISBN:8070981199
Edition:1. vyd.
Subjects:

MARC

LEADER 00000nam a2200000 a 4500
001 vtls008177454
003 SK-MaSNL
005 20260302074034.0
008 160624s1996 xo 000 0 ger
020 |a 8070981199 
035 |a SPKKN13872 
040 |a SNK  |b slo  |c SNK  |e AACR2 
041 |a ger 
044 |a xo  |c SK 
080 |a 372.880.30:371.214  |2 1981 
245 0 0 |a Curriculum Deutsch als Fremdsprache für die Sekundarstuffe I  |b Methodische Empfehlungen, Kapitel 4 
250 |a 1. vyd. 
260 |a Bratislava  |b Ústav informácií a prognóz školstva  |c 1996 
300 |a 147, [1] s.  |b Ilustr. Sch. Tab.  |c 30 cm 
650 0 7 |a nemčina  |2 SNKPH  |9 1384 
650 0 7 |a kurikulum  |2 SNKPH  |9 68823 
650 0 7 |a základné školy  |2 SNKPH  |9 1280 
655 7 |a príručky  |2 SNKPH  |9 74364 
919 |a 80-7098-119-9 
999 |c 1163385  |d 1165315 
952 |t P60, <09>, [BOOK], {629}  |a SNK  |b SNK  |y NEVYP  |7 0  |o snkB 658  |i snk2463/970529  |0 0  |1 0  |4 0  |d 1997-05-26  |l 0  |r 2005-01-02 00:00:00  |w 2026-02-24